[Event "36th Reykjavik op"]
[Site "Reykjavik ISL"]
[Date "2023.03.30"]
[Round "2.76"]
[White "Sivakumar, Ashvin"]
[Black "Krassel, Timofei"]
[WhiteElo "2181"]
[BlackElo "1880"]
[Result "1/2-1/2"]
[EventDate "2023.03.29"]
[PlyCount "62"]

1. d4 Nf6 2. c4 e6 3. Nf3 b6 4. g3 Ba6 5. Qc2 c5 6. Bg2 Bb7 7. dxc5 bxc5 8. Nc3 d5
9. cxd5 exd5 10. Nh4 Be7 11. Nf5 O-O 12. Bg5 Na6 13. O-O h6 14. Nxe7+ Qxe7 15. Bxf6
Qxf6 16. Nxd5 Bxd5 17. Bxd5 Nb4 18. Qxc5 Nxd5 19. Qxd5 Qxb2 20. e3 Rfd8 21. Qe4 Rac8
22. a4 Rd2 23. Rab1 Qc2 24. Qb7 Rc7 25. Qb5 Rc5 26. Qb8+ Rc8 27. Qf4 Rc6 28. Qb8+
Rc8 29. Qb7 Rc7 30. Qb4 Rc6 31. Qb8+ Rc8  1/2-1/2

[Event "36th Reykjavik op"]
[Site "Reykjavik ISL"]
[Date "2023.03.30"]
[Round "2.77"]
[White "Miettinen, Teemu"]
[Black "Terhuven, Patrick"]
[WhiteElo "1884"]
[BlackElo "2180"]
[Result "0-1"]
[EventDate "2023.03.29"]
[PlyCount "114"]

1. e4 c5 2. Nf3 Nc6 3. d4 cxd4 4. Nxd4 g6 5. Nc3 Bg7 6. Be3 Nf6 7. Nxc6 bxc6 8. e5
Ng8 9. Bd4 Nh6 10. e6 O-O 11. Bxg7 Kxg7 12. exd7 Qxd7 13. Qxd7 Bxd7 14. O-O-O Be6
15. Be2 Rab8 16. Rd4 Rfc8 17. g4 a5 18. h3 Rb4 19. Rhd1 c5 20. Rd8 Rbb8 21. Rxc8
Rxc8 22. Nd5 Ng8 23. Nf4 Rc6 24. Bf3 Rb6 25. Nxe6+ Rxe6 26. Rd5 Rf6 27. Bd1 Rc6 28.
Rd7 Kf6 29. Rd8 Nh6 30. f4 g5 31. h4 gxh4 32. g5+ Kf5 33. gxh6 Rxh6 34. Rd5+ Kxf4
35. Rxc5 e5 36. Rc3 h3 37. Rf3+ Kg5 38. Rg3+ Kf4 39. Rf3+ Ke4 40. Rxf7 h2 41. Bf3+
Ke3 42. Bh1 Rg6 43. c4 Rg1+ 44. Kc2 Rxh1 45. Rxh7 Kd4 46. Rh4+ e4 47. Kb3 Kc5 48.
Rh5+ Kd6 49. Rh6+ Ke7 50. c5 e3 51. Rh3 Kd7 52. Ka4 e2 53. Kb5 e1=Q 54. c6+ Ke6 55.
c7 Qb4+ 56. Kc6 Rc1+ 57. Rc3 Rxc3+  0-1

[Event "36th Reykjavik op"]
[Site "Reykjavik ISL"]
[Date "2023.03.30"]
[Round "2.78"]
[White "Mohota, Nisha"]
[Black "Finnsson, Johann Arnar"]
[WhiteElo "2177"]
[BlackElo "1874"]
[Result "1-0"]
[EventDate "2023.03.29"]
[PlyCount "55"]

1. d4 d5 2. c4 e6 3. Nc3 Nf6 4. cxd5 exd5 5. Bg5 Nbd7 6. e3 Be7 7. Qc2 c6 8. Bd3
O-O 9. Nge2 Re8 10. O-O h6 11. Bf4 Nh5 12. Nxd5 Nxf4 13. Nxe7+ Qxe7 14. Nxf4 Nf6
15. Rac1 Be6 16. a3 Rad8 17. Qc5 Qc7 18. Qxa7 Ra8 19. Nxe6 fxe6 20. Qc5 Ra5 21. Qc2
Rh5 22. g3 Ra8 23. Be2 Rg5 24. f4 Rga5 25. Qb3 Re8 26. Bc4 Kh8 27. Bxe6 Rb5 28. Qxb5
 1-0

[Event "36th Reykjavik op"]
[Site "Reykjavik ISL"]
[Date "2023.03.30"]
[Round "2.79"]
[White "Arnalds, Stefan"]
[Black "Ruiz Buendia, Miguel"]
[WhiteElo "1873"]
[BlackElo "2172"]
[Result "0-1"]
[EventDate "2023.03.29"]
[PlyCount "42"]

1. d4 Nf6 2. c4 e6 3. Nc3 Bb4 4. Qc2 d5 5. cxd5 exd5 6. Bg5 h6 7. Bxf6 Qxf6 8. e3
c6 9. Nf3 O-O 10. Be2 Re8 11. O-O Bf5 12. Bd3 Bxd3 13. Qxd3 Nd7 14. Rfc1 Bd6 15.
Na4 Re4 16. Nc5 Bxc5 17. dxc5 Qxb2 18. Rab1 Qxa2 19. Rxb7 Rc4 20. Rcb1 Qa6 21. Qf5
Qxb7  0-1

[Event "36th Reykjavik op"]
[Site "Reykjavik ISL"]
[Date "2023.03.30"]
[Round "2.80"]
[White "Johannsson, Birkir Isak"]
[Black "Van Meter, Lester"]
[WhiteElo "2171"]
[BlackElo "1872"]
[Result "1-0"]
[EventDate "2023.03.29"]
[PlyCount "44"]

1. c4 c5 2. Nf3 Nc6 3. d4 cxd4 4. Nxd4 g6 5. e4 Bg7 6. Be3 Nf6 7. Nc3 Ng4 8. Qxg4
Nxd4 9. Qd1 e5 10. Bd3 O-O 11. O-O b6 12. Rc1 Bb7 13. Bb1 Ne6 14. Nd5 Qh4 15. g3
Qh3 16. Qf3 Bxd5 17. cxd5 Nd4 18. Bxd4 exd4 19. Bd3 h5 20. Qg2 Qxg2+ 21. Kxg2 Rfc8
22. Bb5 d6 (22... d3 23. Bxd7 Rxc1 24. Rxc1 Bxb2 25. Rd1 Rd8 26. Bc6 f5 27. exf5
gxf5 28. Rxd3 Rd6 29. Be8 h4 30. gxh4 Kf8 31. Bc6 Be5 32. Re3 Rg6+ 33. Kh3 Bd6 34.
Re8+ Kg7 35. f3 Rh6 36. Bd7 Kf7 37. Ra8 Be7 38. Be6+ Kg7 39. Rxa7 Rxh4+ 40. Kg3 f4+
41. Kg2 Kf8 42. Ra8+ Kg7 43. Rg8+ Kf6 44. Rg4 Rxg4+ 45. Bxg4)  1-0

[Event "36th Reykjavik op"]
[Site "Reykjavik ISL"]
[Date "2023.03.30"]
[Round "2.81"]
[White "Wheatley, Wilfred"]
[Black "Pandey, Srishti"]
[WhiteElo "1854"]
[BlackElo "2156"]
[Result "0-1"]
[EventDate "2023.03.29"]
[PlyCount "83"]

1. e4 e5 2. Nf3 Nc6 3. Bb5 a6 4. Ba4 Nf6 5. O-O b5 6. Bb3 Bc5 7. a4 Rb8 8. c3 d6
9. d4 Bb6 10. a5 Ba7 11. h3 h6 12. Be3 O-O 13. Re1 Re8 14. Nbd2 exd4 15. cxd4 Nb4
16. Bxf7+ Kxf7 17. Qb3+ Nbd5 18. e5 Be6 19. exf6 Nxf6 20. Qc2 Bd5 21. Qf5 Qd7 22.
Qc2 Qd8 23. Qf5 Be6 24. Qc2 Nd5 25. Bxh6 Kf8 26. Ng5 Bg8 27. Qf5+ Qf6 28. Bxg7+ Kxg7
29. Qg4 Qg6 30. Ndf3 Nf6 31. Qf4 Nh7 32. Ne4 Rf8 33. Qe3 Kh8 34. Nh4 Qg7 35. Rad1
Rbe8 36. Qc3 Bd5 37. Ng3 Rxe1+ 38. Rxe1 Bxd4 39. Qd2 Bxf2+ 40. Qxf2 Rxf2 41. Kxf2
Qd4+ 42. Re3  0-1

[Event "36th Reykjavik op"]
[Site "Reykjavik ISL"]
[Date "2023.03.30"]
[Round "2.82"]
[White "Fouassier, Paul"]
[Black "Ornolfsson, Magnus P."]
[WhiteElo "1848"]
[BlackElo "2153"]
[Result "0-1"]
[EventDate "2023.03.29"]
[PlyCount "66"]

1. e4 e5 2. Nf3 Nc6 3. Bb5 a6 4. Bxc6 dxc6 5. O-O f6 6. d4 exd4 7. Nxd4 c5 8. Nb3
Qxd1 9. Rxd1 Bd6 10. Nc3 Be6 11. Nd5 O-O-O 12. Be3 b6 13. Nd2 Ne7 14. Nc4 Nxd5 15.
exd5 Bf5 16. Nxd6+ cxd6 17. c3 Rhe8 18. a4 a5 19. b4 Kb7 20. Ra2 Ra8 21. bxc5 bxc5
22. Rdd2 Kc7 23. Rab2 Bd7 24. Rd1 Bxa4 25. Rdb1 Rab8 26. Kf1 Rxb2 27. Rxb2 Bd7 28.
Ke2 a4 29. Kd3 Bf5+ 30. Kd2 Be4 31. Ra2 Ra8 32. c4 a3 33. Kc1 Bd3  0-1

[Event "36th Reykjavik op"]
[Site "Reykjavik ISL"]
[Date "2023.03.30"]
[Round "2.84"]
[White "Thorsteinsson, Thorsteinn"]
[Black "Shundi, Matias"]
[WhiteElo "1844"]
[BlackElo "2145"]
[Result "1-0"]
[EventDate "2023.03.29"]
[PlyCount "179"]

1. e4 c5 2. Nf3 d6 3. c3 Nf6 4. Be2 g6 5. O-O Bg7 6. Re1 O-O 7. Bf1 Nc6 8. h3 Ne5
9. d4 Nxf3+ 10. Qxf3 Nd7 11. Qd3 a6 12. a4 Qa5 13. Nd2 Qc7 14. Nc4 b6 15. d5 Rb8
16. Bf4 Bb7 17. Qg3 Ne5 18. Bxe5 dxe5 19. a5 b5 20. Nb6 Rfe8 21. c4 b4 22. Rad1 Rbd8
23. Bd3 Bh6 24. Bc2 Bf4 25. Qd3 Rd6 26. Ba4 Red8 27. Qe2 h5 28. g3 Bh6 29. Rd3 Bc8
30. Kg2 Rf6 31. Red1 Bb7 32. f3 h4 33. gxh4 Kh7 34. Rg1 Rf4 35. Qf2 f5 36. Qe1 Qd6
37. Kh1 Qf6 38. Nd7 Qd6 39. Nb6 Bc8 40. Qg3 Qf6 41. Nxc8 Rxc8 42. Bd7 Rd8 43. Be6
Rxh4 44. exf5 g5 45. b3 e4 46. fxe4 Rxe4 47. Qc7 Rd6 48. Rdg3 Re2 49. h4 Re4 50.
Rg4 Rxg4 51. Rxg4 Qe5 52. Qxe7+ Bg7 53. Qxg5 Qe1+ 54. Rg1 Qe4+ 55. Qg2 Qxh4+ 56.
Qh2 Qxh2+ 57. Kxh2 Rd8 58. Kg3 Be5+ 59. Kh4 Rf8 60. Rg6 Rf6 61. Kg5 Rf8 62. d6 Bxd6
63. f6 Bf4+ 64. Kf5 Be3 65. Rg7+ Kh8 66. Rg3 Bh6 67. Rh3 Kh7 68. Bd5 Re8 69. Bf7
Re3 70. Bg6+ Kg8 71. Rxh6 Rf3+ 72. Ke6 Re3+ 73. Kd5 Rf3 74. Kxc5 Rxf6 75. Bh7+ Kg7
76. Rxf6 Kxf6 77. Kb6 Ke5 78. c5 Kd4 79. c6 Kc3 80. Bg8 Kb2 81. c7 Ka2 82. c8=Q Kb2
83. Qc4 Ka3 84. Bh7 Ka2 85. Qc2+ Ka3 86. Qc1+ Ka2 87. Bb1+ Ka1 88. Bc2+ Ka2 89. Qb1+
Ka3 90. Qa1#  1-0

[Event "36th Reykjavik op"]
[Site "Reykjavik ISL"]
[Date "2023.03.30"]
[Round "2.85"]
[White "Wecker, Martin"]
[Black "Kleinert, Juergen"]
[WhiteElo "2144"]
[BlackElo "1855"]
[Result "1-0"]
[EventDate "2023.03.29"]
[PlyCount "51"]

1. Nf3 d5 2. g3 Nf6 3. Bg2 e6 4. c4 c6 5. d4 Nbd7 6. O-O Be7 7. Qc2 Ne4 8. Nc3 f5
9. Rb1 Bf6 10. b4 g5 11. Bb2 O-O 12. a4 Qe8 13. Nxe4 fxe4 14. Ne5 Bxe5 15. dxe5 Qh5
16. f3 exf3 17. Rxf3 g4 18. Rxf8+ Nxf8 19. Rf1 Bd7 20. Qc3 dxc4 21. Qxc4 Ng6 22.
Rd1 Be8 23. Qxe6+ Bf7 24. Qf6 Qh6 25. e6 Be8 26. Rd7  1-0

[Event "36th Reykjavik op"]
[Site "Reykjavik ISL"]
[Date "2023.03.30"]
[Round "2.86"]
[White "Kjartansson, Dagur"]
[Black "Briem, Stephan"]
[WhiteElo "1835"]
[BlackElo "2142"]
[Result "1/2-1/2"]
[EventDate "2023.03.29"]
[PlyCount "29"]

1. c4 e6 2. Nc3 d5 3. d4 c6 4. e3 f5 5. Nf3 Nd7 6. Ne5 Nxe5 7. dxe5 Bc5 8. a3 Ne7
9. b4 Bb6 10. Na4 Bc7 11. Bb2 O-O 12. f4 b6 13. c5 Bd7 14. Be2 Kh8 15. O-O  1/2-1/2

[Event "36th Reykjavik op"]
[Site "Reykjavik ISL"]
[Date "2023.03.30"]
[Round "2.87"]
[White "Heldenbergh, Nils"]
[Black "Carey, Michael"]
[WhiteElo "2141"]
[BlackElo "1852"]
[Result "1-0"]
[EventDate "2023.03.29"]
[PlyCount "67"]

1. e4 c5 2. Nf3 Nc6 3. d4 cxd4 4. Nxd4 Nf6 5. Nc3 d6 6. Bg5 e6 7. Qd2 a6 8. O-O-O
Bd7 9. f3 Nxd4 10. Qxd4 Be7 11. h4 Qc7 12. Kb1 b5 13. g4 O-O 14. Be3 Rfc8 15. Rc1
b4 16. Ne2 Qb7 17. g5 Ne8 18. Qd2 a5 19. h5 a4 20. g6 b3 21. cxb3 axb3 22. a3 Rc2
23. Rxc2 bxc2+ 24. Kxc2 d5 25. gxf7+ Kxf7 26. exd5 Bxa3 27. bxa3 Rxa3 28. Qd4 Ba4+
29. Kd2 Qb3 30. Bh3 Qc2+ 31. Ke1 Rxe3 32. Qxe3 Qd1+ 33. Kf2 Qxh1 34. Bxe6+  1-0

[Event "36th Reykjavik op"]
[Site "Reykjavik ISL"]
[Date "2023.03.30"]
[Round "2.88"]
[White "Oberschilp, Friedrich"]
[Black "Mai, Alexander Oliver"]
[WhiteElo "1827"]
[BlackElo "2141"]
[Result "0-1"]
[EventDate "2023.03.29"]
[PlyCount "88"]

1. d4 Nf6 2. c4 e6 3. Nc3 Bb4 4. Qc2 O-O 5. Nf3 c5 6. dxc5 Na6 7. e3 Nxc5 8. a3 Bxc3+
9. Qxc3 b6 10. Be2 Bb7 11. O-O Rc8 12. Nd4 Qe7 13. b4 Nce4 14. Qb3 d5 15. f3 Nd6
16. cxd5 Bxd5 17. Qd3 Bc4 18. Qd1 e5 19. Bxc4 exd4 20. Ba6 dxe3 21. Re1 Rcd8 22.
Bxe3 b5 23. Bb6 Qd7 24. Bxd8 Rxd8 25. a4 Qc6 26. axb5 Qb6+ 27. Kh1 Nde4 28. Qc2 Nf2+
29. Kg1 Nd3+ 30. Kh1 Nxe1 31. Rxe1 g6 32. Qc5 Qb8 33. g3 Kg7 34. Re7 Rd1+ 35. Kg2
Rd2+ 36. Kh3 Qd8 37. Qe5 Qd3 38. Qe1 Qf5+ 39. g4 Qxf3+ 40. Qg3 Qf1+ 41. Kh4 g5+ 42.
Kxg5 Ne4+ 43. Rxe4 Qf6+ 44. Kh5 Qh6#  0-1

[Event "36th Reykjavik op"]
[Site "Reykjavik ISL"]
[Date "2023.03.30"]
[Round "2.89"]
[White "Kunz, Andre"]
[Black "Dorweiler, Roger Paul"]
[WhiteElo "2140"]
[BlackElo "1843"]
[Result "1-0"]
[EventDate "2023.03.29"]
[PlyCount "47"]

1. e4 Nc6 2. Nf3 d5 3. exd5 Qxd5 4. Nc3 Qa5 5. Bb5 Bd7 6. O-O O-O-O 7. d4 e6 8. Qe2
Nf6 9. a3 a6 10. Bxc6 Bxc6 11. Ne5 Be8 12. b4 Qb6 13. Be3 Nd5 14. Ne4 f6 15. Nc4
Qa7 16. Na5 b6 17. Nb3 Bg6 18. Bd2 Bd6 19. c4 Ne7 20. c5 bxc5 21. bxc5 Qb7 22. cxd6
cxd6 23. Rfc1+ Kd7 24. Nec5+  1-0

[Event "36th Reykjavik op"]
[Site "Reykjavik ISL"]
[Date "2023.03.30"]
[Round "2.90"]
[White "Halldorsson, Kristjan"]
[Black "Kather, Yannick"]
[WhiteElo "1809"]
[BlackElo "2137"]
[Result "0-1"]
[EventDate "2023.03.29"]
[PlyCount "56"]

1. d4 Nf6 2. c4 g6 3. Nc3 d5 4. Nf3 Bg7 5. Qb3 e6 6. Bg5 c6 7. e4 dxe4 8. Nxe4 O-O
9. Nxf6+ Bxf6 10. Bxf6 Qxf6 11. Be2 Nd7 12. O-O c5 13. Rfd1 b6 14. d5 exd5 15. cxd5
Ne5 16. Nxe5 Qxe5 17. Bf3 Qd6 18. g3 Bd7 19. a4 Rac8 20. Be2 Rfd8 21. Rd2 Re8 22.
Rad1 Re4 23. Bc4 Rce8 24. f3 Re3 25. Rd3 Re1+ 26. Rxe1 Rxe1+ 27. Kf2 Qe5 28. Rd2
Rh1  0-1

[Event "36th Reykjavik op"]
[Site "Reykjavik ISL"]
[Date "2023.03.30"]
[Round "2.91"]
[White "Van Kessel, Wessel"]
[Black "Patel, Zain"]
[WhiteElo "2137"]
[BlackElo "1833"]
[Result "0-1"]
[EventDate "2023.03.29"]
[PlyCount "82"]

1. e4 c6 2. d4 d5 3. exd5 cxd5 4. Bd3 Nc6 5. c3 Nf6 6. Nf3 Bg4 7. h3 Bxf3 8. Qxf3
e6 9. O-O Be7 10. Bf4 Qb6 11. b4 O-O 12. Nd2 Rac8 13. Nb3 a5 14. a3 Qa7 15. Rfe1
b6 16. Nd2 h6 17. Bc2 Nxd4 18. cxd4 Rxc2 19. g4 Rfc8 20. Nf1 Ne4 21. Be3 R8c3 22.
Qd1 Bh4 23. Re2 Qc7 24. Ra2 Rxa2 25. Rxa2 Qc4 26. Qb1 Rb3 27. Qa1 Qd3 28. Rb2 Rxa3
29. Qe1 a4 30. Kg2 Nxf2 31. Bxf2 Qxh3+ 32. Kg1 Qxg4+ 33. Kh1 Rh3+ 34. Nh2 a3 35.
Rc2 Qf3+ 36. Kg1 Bxf2+ 37. Rxf2 Qg3+ 38. Kf1 Rxh2 39. Rxh2 Qxh2 40. Qc3 a2 41. b5
a1=R+  0-1

[Event "36th Reykjavik op"]
[Site "Reykjavik ISL"]
[Date "2023.03.30"]
[Round "2.92"]
[White "Sigurdsson, Smari"]
[Black "Krivenko, Dion"]
[WhiteElo "1807"]
[BlackElo "2136"]
[Result "0-1"]
[EventDate "2023.03.29"]
[PlyCount "70"]

1. e4 g6 2. d4 a6 3. f4 c6 4. Nf3 d5 5. e5 Bg4 6. Be3 e6 7. h3 Bxf3 8. Qxf3 Qb6 9.
b3 c5 10. dxc5 Bxc5 11. Bxc5 Qxc5 12. Qc3 Nd7 13. Qxc5 Nxc5 14. Nd2 Ne7 15. b4 Nd7
16. Bd3 O-O 17. Kf2 f6 18. exf6 Rxf6 19. Ke3 Nc6 20. c3 Re8 21. b5 axb5 22. Bxb5
e5 23. fxe5 Ndxe5 24. Bxc6 bxc6 25. Rhf1 Nd7+ 26. Kd3 Rfe6 27. Rf2 c5 28. Nf3 Nb6
29. Rb1 Re3+ 30. Kc2 Nc4 31. Rbf1 Rb8 32. Ng5 Rb2+ 33. Kd1 Rd3+ 34. Ke1 Rb1+ 35.
Ke2 Re3#  0-1

[Event "36th Reykjavik op"]
[Site "Reykjavik ISL"]
[Date "2023.03.30"]
[Round "2.93"]
[White "Ingvason, Johann"]
[Black "Saemundsson, Bjarni"]
[WhiteElo "2122"]
[BlackElo "1826"]
[Result "0-1"]
[EventDate "2023.03.29"]
[PlyCount "140"]

1. c4 b6 2. d4 Bb7 3. Nc3 e6 4. e4 Bb4 5. Bd3 Nf6 6. Qf3 d5 7. cxd5 exd5 8. e5 Ne4
9. Nge2 O-O 10. O-O f5 11. Qh5 c5 12. f3 cxd4 13. Nxd4 Bc5 14. Nce2 Nc6 15. Be3 Nxe5
16. fxe4 dxe4 17. Bc2 Ng4 18. Qh3 Ba6 19. b4 Bxd4 20. Nxd4 Bxf1 21. Rxf1 Nxe3 22.
Qxe3 Qe7 23. Nxf5 Qxb4 24. Bb3+ Kh8 25. Qg5 Qc5+ 26. Kh1 g6 27. g4 gxf5 28. gxf5
e3 29. Qg2 Rad8 30. f6 Rg8 31. Bxg8 Rxg8 32. Qf3 e2 33. Qxe2 Qc6+ 34. Qf3 Qxf3+ 35.
Rxf3 Rf8 36. Kg2 Kg8 37. Kg3 Kf7 38. Ra3 a5 39. Rb3 Rb8 40. Rf3 Rc8 41. Kg4 Rc2 42.
h4 Rxa2 43. Rc3 Rb2 44. Rc7+ Kxf6 45. Rxh7 a4 46. h5 Rb4+ 47. Kf3 Kg5 48. Rh8 a3
49. Ke3 b5 50. h6 Kg6 51. Ra8 Ra4 52. Rg8+ Kxh6 53. Rg1 b4 54. Kd3 b3 55. Kc3 b2
56. Kb3 Ra5 57. Ka2 Rg5 58. Rh1+ Rh5 59. Rg1 Rh3 60. Kb1 Kh5 61. Ka2 Kh4 62. Rg8
Rg3 63. Rh8+ Kg4 64. Rh1 Kf4 65. Rb1 Rc3 66. Rf1+ Ke4 67. Kb1 Kd4 68. Rh1 Kc4 69.
Ka2 Rc1 70. Rxc1+ bxc1=R  0-1

[Event "36th Reykjavik op"]
[Site "Reykjavik ISL"]
[Date "2023.03.30"]
[Round "2.94"]
[White "Hill, Andy"]
[Black "Jaksland, Tim"]
[WhiteElo "1802"]
[BlackElo "2117"]
[Result "0-1"]
[EventDate "2023.03.29"]
[PlyCount "61"]

1. Nf3 c5 2. c4 Nc6 3. e3 Nf6 4. Nc3 e6 5. d4 d5 6. cxd5 Nxd5 7. Bd3 Be7 8. O-O cxd4
9. exd4 Nf6 10. a3 O-O 11. Re1 b6 12. b4 Bb7 13. Bb2 Rc8 14. Rc1 Re8 15. Bb1 Bf8
16. Qd3 g6 17. Rcd1 Bg7 18. Ba2 Qd6 19. b5 Ne7 20. Ng5 Ned5 21. Nce4 Nxe4 22. Nxe4
Qb8 23. g3 Red8 24. Qe2 Ba8 25. Bb3 Qb7 26. f3 Qe7 27. Rd3 Qd7 28. Red1 (28. Rdd1
Rc7 29. Rc1 Rdc8 30. Rxc7 Rxc7 31. Qd3 Rc8 32. Rc1 Rxc1+ 33. Bxc1 Nc7 34. Be3 Qxb5
35. Bc4 Qd7 36. Kf2 Bd5 37. Bxd5 Nxd5 38. Bc1 Qc6 39. Bb2 h6 40. Qb3 Nc7 41. a4 Nd5
42. h4 h5 43. Nd2 Ne7 44. Nc4 Qd5 45. Qc3 Nf5 46. Ne5 Ne7 47. Kg2 Bxe5 48. dxe5 Qc6
49. Qxc6 Nxc6 50. Ba3 Nxe5 51. Bd6 Nc4 52. Bb8 a6 53. Bc7 b5 54. axb5 axb5 55. Kf2
Kf8 56. Ke2 Ke7 57. Bf4 e5 58. Bg5+ Kd6 59. Kd3 Kd5 60. Be7 Na5 61. g4 Nc6 62. Ba3
f5 63. gxh5 gxh5 64. Bb2 Nd4) 28... Rc7 29. Rc1 Rdc8 30. Rxc7 Rxc7 31. Qe3  0-1

[Event "36th Reykjavik op"]
[Site "Reykjavik ISL"]
[Date "2023.03.30"]
[Round "2.95"]
[White "Hnatyshyn, Anastasiia"]
[Black "Acevedo Mendez, Lisseth"]
[WhiteElo "2114"]
[BlackElo "1816"]
[Result "1-0"]
[EventDate "2023.03.29"]
[PlyCount "65"]

1. e4 e5 2. Nf3 Nc6 3. Bc4 Bc5 4. c3 Nf6 5. d4 exd4 6. e5 d5 7. Bb5 Ne4 8. cxd4 Bb4+
9. Bd2 Qe7 10. Qb3 Nxd2 11. Nbxd2 O-O 12. Rd1 Bg4 13. O-O Rad8 14. a3 Ba5 15. Qd3
Bxd2 16. Rxd2 Bxf3 17. Qxf3 Qg5 18. Qc3 Nb8 19. f4 Qe7 20. f5 c6 21. f6 Qe6 22. Bd3
Qg4 23. Bf5 Qg5 24. fxg7 Rfe8 25. Rd3 Re6 26. Bxe6 fxe6 27. Qb4 c5 28. Qxc5 Nd7 29.
Qd6 Qh4 30. Qxe6+ Kxg7 31. Rg3+ Kh8 32. Rg4 Qh5 33. Qxd7  1-0

[Event "36th Reykjavik op"]
[Site "Reykjavik ISL"]
[Date "2023.03.30"]
[Round "2.96"]
[White "De Kleijn, Erwin"]
[Black "Skou, Niels"]
[WhiteElo "1798"]
[BlackElo "2114"]
[Result "0-1"]
[EventDate "2023.03.29"]
[PlyCount "114"]

1. e4 e5 2. d4 exd4 3. Nf3 Nc6 4. Bc4 Bb4+ 5. c3 dxc3 6. bxc3 Ba5 7. Ng5 Nh6 8. Qd5
O-O 9. O-O d6 10. Nf3 Be6 11. Qb5 a6 12. Qb3 Bxc4 13. Qxc4 Qf6 14. Bg5 Qg6 15. Bf4
Rfe8 16. Nbd2 Ng4 17. h3 Nge5 18. Nxe5 Nxe5 19. Qb3 b5 20. Be3 c6 21. f3 Rab8 22.
Qa3 Bb6 23. Bxb6 Rxb6 24. Rad1 c5 25. Nb3 Nc4 26. Qc1 Qf6 27. Rd3 h6 28. Rfd1 Rd8
29. Nxc5 Rc6 30. Nb3 Kh7 31. f4 Re8 32. Nd4 Rb6 33. Re1 g6 34. Nf3 Rb7 35. Rd5 Rbe7
36. Rd4 Re6 37. Re2 Qe7 38. Qc2 f5 39. e5 dxe5 40. fxe5 Nxe5 41. Nxe5 Rxe5 42. Rxe5
Qxe5 43. Qb3 Qc7 44. Qd5 Re7 45. c4 Qg3 46. Rd1 bxc4 47. Qxc4 Qe3+ 48. Kh2 Qe5+ 49.
Kg1 a5 50. Rd8 h5 51. Qc8 Kh6 52. Qc4 Qe1+ 53. Qf1 Qe3+ 54. Qf2 Qc1+ 55. Kh2 Qc7+
56. Qg3 Qxd8 57. Qf4+ Kh7  0-1

[Event "36th Reykjavik op"]
[Site "Reykjavik ISL"]
[Date "2023.03.30"]
[Round "2.97"]
[White "Birkisson, Bjoern Holm"]
[Black "Sigurthorsson, Kristinn J"]
[WhiteElo "2110"]
[BlackElo "1808"]
[Result "1-0"]
[EventDate "2023.03.29"]
[PlyCount "120"]

1. e4 d6 2. d4 Nf6 3. Nc3 g6 4. Nf3 Bg7 5. Be2 c6 6. O-O O-O 7. h3 b5 8. e5 Ne8 9.
Bf4 b4 10. Ne4 d5 11. Nc5 Nc7 12. Bd2 a5 13. a3 bxa3 14. Rxa3 Ne6 15. Nxe6 Bxe6 16.
Qa1 c5 17. Bxa5 Qc8 18. dxc5 Qxc5 19. Bb4 Rxa3 20. Qxa3 Qxc2 21. Bd3 Qc6 22. Bxe7
Re8 23. Bd6 Qb6 24. Rc1 Bf8 25. Bxf8 Rxf8 26. b4 Nc6 27. b5 Na5 28. Qc5 Qb8 29. Qc7
Nc4 30. Qxb8 Rxb8 31. Rb1 Kf8 32. Kf1 Bd7 33. Bxc4 dxc4 34. Nd4 c3 35. Ke1 c2 36.
Rc1 Bxb5 37. Rxc2 Bd3 38. Rc3 Rb1+ 39. Kd2 Bf1 40. Rg3 Ra1 41. h4 Ra2+ 42. Nc2 Ra5
43. f4 Rd5+ 44. Ke1 Bb5 45. Rb3 Ba4 46. Rb8+ Ke7 47. Ne3 Rb5 48. Rxb5 Bxb5 49. Nd5+
Kf8 50. g4 Bc4 51. Nf6 Kg7 52. Kd2 Ba2 53. Ke3 Bb3 54. Kd4 Ba2 55. Kc5 Bb3 56. Kd6
Bc4 57. Ke7 Bb3 58. Ne8+ Kg8 59. f5 Bd1 60. e6 fxe6  1-0

[Event "36th Reykjavik op"]
[Site "Reykjavik ISL"]
[Date "2023.03.30"]
[Round "2.98"]
[White "Scoccianti, Raffaele"]
[Black "Hoffmann, Sebastian"]
[WhiteElo "1796"]
[BlackElo "2108"]
[Result "0-1"]
[EventDate "2023.03.29"]
[PlyCount "108"]

1. d4 Nf6 2. Bf4 d5 3. e3 c5 4. c3 Nc6 5. Nd2 cxd4 6. exd4 Bf5 7. Ngf3 e6 8. Be2
h6 9. h3 Bd6 10. Ne5 Qc7 11. Ndf3 a6 12. O-O Nd7 13. Re1 Be4 14. Nxd7 Bxf4 15. Nc5
O-O 16. Bd3 Bxd3 17. Nxd3 Bd6 18. Nde5 b5 19. Nxc6 Qxc6 20. Ne5 Qb7 21. Rc1 Rfc8
22. Qg4 b4 23. Re3 Bxe5 24. dxe5 Rc4 25. Qf3 Rac8 26. b3 R4c5 27. c4 Qc7 28. Qf4
dxc4 29. Rf3 cxb3 30. Rxc5 bxa2 31. Rxc7 a1=Q+ 32. Kh2 Rxc7 33. Qxb4 Qxe5+ 34. g3
Qb5 35. Qf4 Rb7 36. Rc3 Qd5 37. Qc1 Qe4 38. Qa3 Rb1 39. Rc1 Rxc1 40. Qxc1 Qb7 41.
Qc5 g6 42. Qe3 Kh7 43. Qe5 Qa7 44. Kg2 a5 45. h4 Qb7+ 46. Kh2 Qd5 47. Qf4 Qf5 48.
Qd4 a4 49. f4 Qc2+ 50. Kh3 Qb1 51. g4 Qb3+ 52. Kh2 a3 53. Qd7 Qb2+ 54. Kg3 Kg7  0-1

[Event "36th Reykjavik op"]
[Site "Reykjavik ISL"]
[Date "2023.03.30"]
[Round "2.99"]
[White "Girardin, Yves"]
[Black "Fresow, Boris"]
[WhiteElo "2104"]
[BlackElo "1804"]
[Result "1-0"]
[EventDate "2023.03.29"]
[PlyCount "95"]

1. d4 d5 2. c4 e6 3. Nc3 a6 4. cxd5 exd5 5. Qb3 Nf6 6. Bg5 c5 7. Bxf6 gxf6 8. Nf3
c4 9. Qc2 Be6 10. e4 Bb4 11. exd5 Bxd5 12. O-O-O Bxc3 13. Qxc3 Nd7 14. Re1+ Kf8 15.
Nh4 b5 16. Qa3+ b4 17. Qxb4+ Kg8 18. Nf5 Nf8 19. Bxc4 Bxc4 20. Ne7+ Kg7 21. Qxc4
Ne6 22. Nc6 Qd6 23. d5 Rhc8 24. Rd1 Nd8 25. Kb1 Nxc6 26. dxc6 Qxc6 27. Qg4+ Kf8 28.
Qf5 Kg8 29. Rd4 Rab8 30. b3 Qc3 31. Qd3 Qc6 32. Rg4+ Kh8 33. Rh4 f5 34. Qxf5 h6 35.
Re1 Rb5 36. Qe4 Qb6 37. Qd4+ Qxd4 38. Rxd4 Rbc5 39. Re2 Rc1+ 40. Kb2 R1c6 41. Rf4
Kg7 42. Re7 Rc2+ 43. Ka3 R8c5 44. Rexf7+ Kg8 45. R7f5 Rc6 46. Rf6 Kg7 47. Rxc6 Rxc6
48. b4  1-0

[Event "36th Reykjavik op"]
[Site "Reykjavik ISL"]
[Date "2023.03.30"]
[Round "2.100"]
[White "Boschmann, Alexander"]
[Black "Vemparala, Nikash"]
[WhiteElo "1779"]
[BlackElo "2100"]
[Result "0-1"]
[EventDate "2023.03.29"]
[PlyCount "74"]

1. d4 d5 2. c4 c6 3. Nf3 Nf6 4. Nc3 e6 5. Bg5 Nbd7 6. e3 Be7 7. Qc2 O-O 8. Bd3 h6
9. Bh4 b6 10. O-O Bb7 11. Rac1 c5 12. cxd5 Nxd5 13. Bxe7 Qxe7 14. Nxd5 Bxd5 15. Be4
Rac8 16. Bxd5 exd5 17. Qa4 Nf6 18. Rfd1 Rfd8 19. dxc5 bxc5 20. Qa6 Rc7 21. Rc2 Ne4
22. Nd2 Rcd7 23. Qa5 d4 24. Nxe4 Qxe4 25. Qxc5 dxe3 26. Rxd7 Rxd7 27. Qc8+ Kh7 28.
Qxd7 Qxc2 29. fxe3 Qc1+ 30. Kf2 Qxb2+ 31. Kf3 Qxa2 32. h4 h5 33. g4 hxg4+ 34. Qxg4
Qd5+ 35. e4 Qd1+ 36. Kf4 Qxg4+ 37. Kxg4 a5  0-1

[Event "36th Reykjavik op"]
[Site "Reykjavik ISL"]
[Date "2023.03.30"]
[Round "2.101"]
[White "Murphy, Hugh"]
[Black "Grose, Kameron"]
[WhiteElo "2100"]
[BlackElo "1800"]
[Result "1/2-1/2"]
[EventDate "2023.03.29"]
[PlyCount "51"]

1. e4 c5 2. Nc3 d6 3. f4 Nc6 4. Nf3 g6 5. Bc4 Bg7 6. O-O e6 7. f5 Nf6 8. fxe6 fxe6
9. d3 O-O 10. Bg5 Qd7 11. Qe1 Nb4 12. Bb3 Ne8 13. Qh4 Nc7 14. Bh6 Bxh6 15. Qxh6 Qg7
16. Qh4 Bd7 17. Qg3 Qe7 18. a3 Nc6 19. Ne2 Rf7 20. Ng5 Rxf1+ 21. Rxf1 Rf8 22. Rxf8+
Qxf8 23. c3 Qe7 24. h4 Ne8 25. h5 h6 26. Nf3  1/2-1/2

[Event "36th Reykjavik op"]
[Site "Reykjavik ISL"]
[Date "2023.03.30"]
[Round "2.102"]
[White "Fischer, Robert James"]
[Black "Southcott-Moyers, Indy"]
[WhiteElo "1775"]
[BlackElo "2094"]
[Result "1-0"]
[EventDate "2023.03.29"]
[PlyCount "83"]

1. d4 d5 2. Nf3 Nf6 3. c3 e6 4. Bf4 Bd6 5. e3 c5 6. Nbd2 Nc6 7. Bg3 O-O 8. Bd3 Qe7
9. Ne5 Nd7 (9... Ne4) 10. Nxd7 Bxd7 11. Bxd6 Qxd6 12. dxc5 Qxc5 13. Bxh7+ Kxh7 14.
Qh5+ Kg8 15. Ne4 Qc4 16. Ng5 Qd3 17. e4 Rfd8 18. Qxf7+ Kh8 19. Rd1 Qc2 20. O-O Qe2
21. Qg6 Kg8 22. exd5 Ne5 23. Qh7+ Kf8 24. Qh8+ Ke7 25. Qxg7+ Kd6 26. Rfe1 Rg8 27.
Rxe2 Rxg7 28. dxe6+ Kc7 29. Rxe5 Ba4 30. Rde1 Rag8 31. f4 Kd6 32. e7 Re8 33. Ne4+
Kc7 34. Nf6 Bc6 35. Nxe8+ Bxe8 36. Rd1 Bc6 37. e8=N+ Bxe8 38. Rxe8 b5 39. Rde1 Kb6
40. R8e7 Rg4 41. b4 Rxf4 42. R1e6#  1-0